Rozumieš, čo čítaš? Skutky 8, 26-39

Bibliographic Details
Other Authors: Bakalár, Ján (Translator)
Format: Book
Language:Slovak
German
PhysicalDescription:12 s. fareb. ilustr. 10 cm
Published: Banská Bystrica Slovenská biblická spoločnosť c1997
ISBN:8085486261
Subjects:

MARC

LEADER 00000cam a2200000 a 4500
001 vtls001372371
003 SK-MaSNL
005 20260301043948.0
008 240226s1997 xo a g 000 0 slo
015 |a SNBA1999/12-04476 
020 |a 8085486261 
035 |a SNK000326221 
035 |a urn:nbn:sk:snk-am3hpfg 
035 |a 1D037A7F-1662-47CF-8552-F3288FCD00CB 
035 |a urn:nbn:sk:snk-am00cu81 
040 |a SNK  |b slo  |c SNK  |e AACR2 
041 1 |a slo  |h ger 
044 |a xo  |c SK 
080 |a 226  |2 1981 
245 0 0 |a Rozumieš, čo čítaš?  |b Skutky 8, 26-39  |c [z nemčiny preložil Ján Bakalár] 
260 |a Banská Bystrica  |b Slovenská biblická spoločnosť  |c c1997 
300 |a 12 s.  |b fareb. ilustr.  |c 10 cm 
500 |a Údaj o prekl. prevzatý z front. 
650 0 7 |a biblické príbehy  |2 SNKPH  |9 1916 
655 7 |a brožúry  |2 SNKPH  |9 70146 
700 1 |a Bakalár, Ján  |4 trl  |9 16253 
919 |a 80-85486-26-1 
958 |a TL 
958 |a NT 
958 |a OP 
958 |a BQ 
999 |c 594875  |d 596805 
952 |t P60, <03>, [BOOK], {603}  |a SNK  |b SNK  |y PREZ  |7 0  |p 17A0208698  |o snkSE 9688  |i snkKSP 9175/99  |0 0  |1 0  |4 0  |d 1999-09-16  |f 1  |l 0  |r 2005-01-02 00:00:00  |w 2026-02-23 
952 |t P60, <04>, [BOOK], {604}  |a SNK  |b SNK  |y VYP  |7 0  |p 17A0208699  |o snkSE 9688 D1  |i snkKSP 9176/99  |0 0  |1 0  |4 0  |d 1999-09-16  |l 0  |r 2005-01-02 00:00:00  |w 2026-02-23